Vzpomínka na Zbiroh serenáda /
| Main Author: | Vačkář, Václav, 1881-1954 |
|---|---|
| Other Authors: | Vašata, Rudolf Leo, 1888-1953 |
| Language: | No linguistic content |
| Published: |
Praha : Státní nakladatelství krásné literatury, hudby a umění, 1953 |
| Edition: | 1. vyd. |
| Series: |
Dechová hudba (SNKLHU)
|
| Physical Description: |
24 hlasů |
| LEADER | 01104ncm a22002892a 4500 | ||
|---|---|---|---|
| 001 | 000741051 | ||
| 003 | CZ BrMZK | ||
| 005 | 20110412144611.0 | ||
| 007 | qu | ||
| 008 | 041007s1953 xr |||||||||||||| zxx d | ||
| 015 | |a cnb001921690 | ||
| 040 | |a BOA001 |b cze |c BOA001 | ||
| 072 | 7 | |a 788 |x Hudba pro dechové nástroje |2 Konspekt |9 9 | |
| 100 | 1 | |a Vačkář, Václav, |d 1881-1954 |7 jk01141075 |4 cmp | |
| 245 | 1 | 0 | |a Vzpomínka na Zbiroh |h [hudebnina] : |b serenáda / |c Václav Vačkář. Annabella : serenáda / Rudolf Leo Vašata |
| 250 | |a 1. vyd. | ||
| 260 | |a Praha : |b Státní nakladatelství krásné literatury, hudby a umění, |c 1953 | ||
| 300 | |a 24 hlasů | ||
| 490 | 1 | |a Dechová hudba ; |v 136 | |
| 700 | 1 | 2 | |a Vašata, Rudolf Leo, |d 1888-1953 |7 ola2002106364 |4 cmp |
| 740 | 0 | 2 | |a Annabella |
| 830 | 0 | |a Dechová hudba (SNKLHU) | |
| 910 | |a BOA001 |b Mus1-0318.072 | ||
| 990 | |a MU | ||
| 991 | |b 200501 | ||
| 996 | 7 | |b 2619209187 |c Mus1-0318.072 |l MZK |r Sklad / do 1 hodiny |n 1 |w 000741051 |u 000010 |a 1 |e BOA001 |j MZK50 |s A | |
| 996 | 6 | |b 2619217995 |c Mus1-0318.072 |l MZK |r Sklad / do 1 hodiny |n 1 |w 000741051 |u 000020 |a 1 |e BOA001 |j MZK50 |s P | |
English
Čeština 